Kanakadasara chintaneya nele mattu darshana (Record no. 152652)

MARC details
000 -LEADER
fixed length control field 00826nam a2200265Ia 4500
003 - CONTROL NUMBER IDENTIFIER
control field OSt
005 - DATE AND TIME OF LATEST TRANSACTION
control field 20251217162450.0
008 - FIXED-LENGTH DATA ELEMENTS--GENERAL INFORMATION
fixed length control field 210210b2011 xxu||||| |||| 00| 0 eng d
020 ## - INTERNATIONAL STANDARD BOOK NUMBER
International Standard Book Number 9789350870297
040 ## - CATALOGING SOURCE
Transcribing agency AL
041 ## - LANGUAGE CODE
Language code of text/sound track or separate title Kannada
082 ## - DEWEY DECIMAL CLASSIFICATION NUMBER
Classification number K894.109 SHRK
100 ## - MAIN ENTRY--PERSONAL NAME
Personal name SHRIRAMA ACHANURA
Dates associated with a name ಶ್ರೀರಾಮ ಅಚನೂರ
9 (RLIN) 249388
245 ## - TITLE STATEMENT
Title Kanakadasara chintaneya nele mattu darshana
Remainder of title ಕನಕದಾಸರ ಚಿಂತನೆಯ ನೆಲೆ ಮತ್ತು ದರ್ಶನ
260 ## - PUBLICATION, DISTRIBUTION, ETC.
Place of publication, distribution, etc. BAgalakota
Name of publisher, distributor, etc. Gagan Publishers
Date of publication, distribution, etc. 2011
300 ## - PHYSICAL DESCRIPTION
Extent xviii,265
650 ## - SUBJECT ADDED ENTRY--TOPICAL TERM
Topical term or geographic name entry element nele
9 (RLIN) 249389
650 ## - SUBJECT ADDED ENTRY--TOPICAL TERM
Topical term or geographic name entry element mattu
9 (RLIN) 249390
650 ## - SUBJECT ADDED ENTRY--TOPICAL TERM
Topical term or geographic name entry element KanakadAsara
9 (RLIN) 249391
650 ## - SUBJECT ADDED ENTRY--TOPICAL TERM
Topical term or geographic name entry element darshana
9 (RLIN) 249392
650 ## - SUBJECT ADDED ENTRY--TOPICAL TERM
Topical term or geographic name entry element chintaneya
9 (RLIN) 249393
690 ## - LOCAL SUBJECT ADDED ENTRY--TOPICAL TERM (OCLC, RLIN)
Topical term or geographic name as entry element Kannada Poetry Criticism
9 (RLIN) 249394
906 ## - LOCAL DATA ELEMENT F, LDF (RLIN)
a 068319
942 ## - ADDED ENTRY ELEMENTS (KOHA)
Source of classification or shelving scheme Dewey Decimal Classification
Koha item type Book
Holdings
Withdrawn status Lost status Source of classification or shelving scheme Damaged status Not for loan Collection code Home library Current library Shelving location Date acquired Source of acquisition Cost, normal purchase price Total Checkouts Full call number Barcode Date last seen Price effective from Koha item type
    Dewey Decimal Classification     Kannada St Aloysius Library St Aloysius Library   02/17/2021 Navakarnataka Publication Pvt Ltd Mangalore 245.00   K894.109 SHRK 068319 02/17/2021 02/17/2021 Book